[Event "FICGS class F 000101 email"]
[Site "FICGS email"]
[Date "2011.09.25"]
[Round "1"]
[White "Bearg, Nat"]
[Black "Loridon, Geoffroy"]
[Result "1-0"]
[WhiteElo "1021"]
[BlackElo "926"]
[PlyCount "59"]
[EventDate "2011.??.??"]
[EventType "tourn (corr)"]
[EventRounds "6"]
[SourceTitle "Corr 2013"]
[Source "ChessBase"]
[SourceDate "2012.11.12"]
[SourceVersion "1"]
[SourceVersionDate "2012.11.12"]
[SourceQuality "1"]

1. d4 d5 2. c4 dxc4 3. e4 b5 4. Nf3 Nc6 5. Nc3 a6 6. Be2 h5 7. 0-0 Bg4 8. d5 b4 9. Na4 Na5 10. Nc5 e6 11. dxe6 Bxc5 12. a3 Nb3 13. Bg5 f6 14. Be3 bxa3 15. Rb1 Bxf3 16. Bxf3 Bxe3 17. fxe3 Nd2 18. e5 Nxb1 19. Qxb1 Rh6 20. Bxa8 Qxa8 21. exf6 Nxf6 22. Qf5 axb2 23. e4 c3 24. e5 a5 25. exf6 gxf6 26. h3 a4 27. Re1 Qa7+ 28. Kh2 a3 29. Qb5+ c6 30. Qxc6+ 1-0

[Event "FICGS class F 000101 email"]
[Site "FICGS email"]
[Date "2011.09.25"]
[Round "1"]
[White "Loridon, Geoffroy"]
[Black "Dsouza, Stanislaus"]
[Result "0-1"]
[WhiteElo "926"]
[BlackElo "1143"]
[PlyCount "40"]
[EventDate "2011.??.??"]
[EventType "tourn (corr)"]
[EventRounds "6"]
[SourceTitle "Corr 2013"]
[Source "ChessBase"]
[SourceDate "2012.11.12"]
[SourceVersion "1"]
[SourceVersionDate "2012.11.12"]
[SourceQuality "1"]

1. d4 d5 2. Nf3 Nc6 3. Nc3 e6 4. Bf4 Nf6 5. Nb5 Bd6 6. Ne5 0-0 7. e3 Bxe5 8. dxe5 Nd7 9. Qh5 f5 10. Bg5 Ne7 11. f4 a6 12. Nd4 Nc5 13. Nxe6 Bxe6 14. g3 Ne4 15. a3 Nxg5 16. Qxg5 Nc6 17. b4 Qxg5 18. fxg5 Nxe5 19. Rd1 Rac8 20. Bg2 c6 0-1

[Event "FICGS class F 000101 email"]
[Site "FICGS email"]
[Date "2011.09.25"]
[Round "1"]
[White "Melquiades, Jaime I"]
[Black "Loridon, Geoffroy"]
[Result "1-0"]
[WhiteElo "962"]
[BlackElo "926"]
[PlyCount "47"]
[EventDate "2011.??.??"]
[EventType "tourn (corr)"]
[EventRounds "6"]
[SourceTitle "Corr 2013"]
[Source "ChessBase"]
[SourceDate "2012.11.12"]
[SourceVersion "1"]
[SourceVersionDate "2012.11.12"]
[SourceQuality "1"]

1. e4 e5 2. Bc4 Nf6 3. f3 Nc6 4. c3 Na5 5. Bb3 Bc5 6. d4 Nxb3 7. axb3 exd4 8. cxd4 Bxd4 9. Ne2 c5 10. Nxd4 cxd4 11. Qxd4 0-0 12. 0-0 Qb6 13. Be3 Qxb3 14. Nd2 Qb6 15. Qxb6 axb6 16. Rxa8 b5 17. Bc5 Re8 18. Nb3 d5 19. Nd4 Nh5 20. Nxb5 Bd7 21. Rxe8+ Bxe8 22. Nd6 Bc6 23. g4 Nf4 24. Nf5 1-0

[Event "FICGS class F 000043 email"]
[Site "FICGS email"]
[Date "2007.07.14"]
[Round "1"]
[White "Durnez, Quentin"]
[Black "Loridon, Geoffroy"]
[Result "1-0"]
[WhiteElo "1364"]
[BlackElo "1160"]
[PlyCount "71"]
[EventDate "2007.??.??"]
[EventType "tourn (corr)"]
[EventRounds "5"]
[SourceTitle "Corr 2022"]
[Source "ChessBase"]
[SourceDate "2021.10.24"]
[SourceVersion "1"]
[SourceVersionDate "2021.10.24"]
[SourceQuality "1"]

1. d4 d5 2. c4 dxc4 3. Nf3 Nc6 4. e3 Bf5 5. Bxc4 e6 6. Bb5 a6 7. Bxc6+ bxc6 8. Qa4 Qd7 9. Ne5 Qd6 10. Nd2 Kd8 11. Ndc4 Qd5 12. Nxf7+ Kc8 13. 0-0 Nf6 14. Nxh8 Bd3 15. Ne5 Bxf1 16. Kxf1 c5 17. Nhf7 cxd4 18. Qxd4 Qxd4 19. exd4 h5 20. Ng5 Ng4 21. Nxe6 Kb7 22. Nxg4 hxg4 23. Bf4 c6 24. Re1 Bb4 25. Re2 Re8 26. Nc5+ Bxc5 27. Rxe8 Bxd4 28. Be5 Bc5 29. Bxg7 a5 30. a3 a4 31. Bc3 Bd6 32. Rg8 Bxh2 33. g3 c5 34. Kg2 Bxg3 35. Kxg3 c4 36. Rxg4 1-0

[Event "FICGS class G 000012 email"]
[Site "FICGS email"]
[Date "2007.04.04"]
[Round "1"]
[White "Loridon, Geoffroy"]
[Black "Souquiere, Florence"]
[Result "1-0"]
[WhiteElo "1000"]
[BlackElo "861"]
[PlyCount "49"]
[EventDate "2007.??.??"]
[EventType "tourn (corr)"]
[EventRounds "4"]
[SourceTitle "Corr 2022"]
[Source "ChessBase"]
[SourceDate "2021.10.24"]
[SourceVersion "1"]
[SourceVersionDate "2021.10.24"]
[SourceQuality "1"]

1. Nc3 Nc6 2. e4 e5 3. Nf3 d6 4. Ng5 g6 5. d3 b6 6. g3 f6 7. Nf3 h5 8. Nd5 Nd4 9. c3 Bg4 10. cxd4 Bxf3 11. Qxf3 f5 12. exf5 exd4 13. fxg6 Rh6 14. Bxh6 Qf6 15. Nxf6+ Kd8 16. Qxa8+ Ke7 17. Nxg8+ Ke6 18. Bxf8 a5 19. Qe8+ Kd5 20. Qb5+ c5 21. Rc1 a4 22. Qxb6 c4 23. dxc4+ Ke4 24. Qxd6 Kf3 25. Qf4# 1-0

[Event "FICGS class F 000032 email"]
[Site "FICGS email"]
[Date "2007.03.29"]
[Round "1"]
[White "Lorena, June"]
[Black "Loridon, Geoffroy"]
[Result "0-1"]
[WhiteElo "1400"]
[BlackElo "1000"]
[PlyCount "40"]
[EventDate "2007.??.??"]
[EventType "tourn (corr)"]
[EventRounds "5"]
[SourceTitle "Corr 2022"]
[Source "ChessBase"]
[SourceDate "2021.10.24"]
[SourceVersion "1"]
[SourceVersionDate "2021.10.24"]
[SourceQuality "1"]

1. Nc3 e5 2. d3 Nc6 3. e4 Nf6 4. f4 d6 5. f5 g6 6. fxg6 fxg6 7. Nf3 Nd4 8. Nxd4 exd4 9. Nb5 Bg4 10. Be2 Qd7 11. Nxd4 a6 12. 0-0 Bg7 13. Qe1 Nh5 14. Bf3 0-0 15. Qh4 Bxd4+ 16. Kh1 Bg7 17. h3 Bf6 18. Bxg4 Bxh4 19. Rxf8+ Rxf8 20. Bxd7 Rf1+ 0-1

[Event "FICGS class F 000032 email"]
[Site "FICGS email"]
[Date "2007.03.29"]
[Round "1"]
[White "Loridon, Geoffroy"]
[Black "Podogov, Ilia"]
[Result "1-0"]
[WhiteElo "1000"]
[BlackElo "1400"]
[PlyCount "25"]
[EventDate "2007.??.??"]
[EventType "tourn (corr)"]
[EventRounds "5"]
[SourceTitle "Corr 2022"]
[Source "ChessBase"]
[SourceDate "2021.10.24"]
[SourceVersion "1"]
[SourceVersionDate "2021.10.24"]
[SourceQuality "1"]

1. d4 d5 2. Nc3 Nf6 3. e3 Nc6 4. Nf3 a6 5. Na4 e6 6. Nc5 Bxc5 7. dxc5 Qe7 8. c3 Qxc5 9. Nd4 Bd7 10. f4 0-0 11. g3 Rfe8 12. h4 Ne4 13. Rg1 1-0